000 00623cam a2200229 4500
001 B1577
008 090401t1983 xxu||||| |||| 00| 0 eng d
035 _a(Sirsi) u45306
041 _aeng
050 _a338.6042
110 _aJones Lang Wootton
_92909
245 4 _aThe decentralisation of offices from central London . - June 1983
260 _aLondon
_bJones Lang Wootton
_c1983
300 _aca.50 leaves : ill.,map ; 30cm.
350 _a2.95
490 _aCLOR Special Survey
650 _aCENTRAL LONDON OFFICES RESEARCH
650 _aOFFICES
650 _aRELOCATION
942 _n0
948 _c04/03/1997
999 _c91679
_d91679